समरांगण / (Record no. 116291)

MARC details
000 -LEADER
fixed length control field 01105nam a22002777a 4500
003 - CONTROL NUMBER IDENTIFIER
control field dpl
005 - DATE AND TIME OF LATEST TRANSACTION
control field 20180925142617.0
008 - FIXED-LENGTH DATA ELEMENTS--GENERAL INFORMATION
fixed length control field 180925b ||||| |||| 00| 0 eng d
010 ## - LIBRARY OF CONGRESS CONTROL NUMBER
LC control number B-075187
020 ## - INTERNATIONAL STANDARD BOOK NUMBER
Terms of availability 350.00
International Standard Book Number 8170559383
035 ## - SYSTEM CONTROL NUMBER
System control number B-075187, B-075191
037 ## - SOURCE OF ACQUISITION
Source of stock number/acquisition Cen Lib/Ret
040 ## - CATALOGING SOURCE
Original cataloging agency DPL
Language of cataloging HN
Transcribing agency 0
082 ## - DEWEY DECIMAL CLASSIFICATION NUMBER
Classification number
Item number मेहरु
100 ## - MAIN ENTRY--PERSONAL NAME
Personal name मेहरुन्निसा परवेज़
9 (RLIN) 47612
245 ## - TITLE STATEMENT
Title समरांगण /
Statement of responsibility, etc मेहरुन्निसा परवेज़
246 ## - VARYING FORM OF TITLE
Title proper/short title Samrangarh /
Remainder of title by Mehrunnisa Parvez
260 ## - PUBLICATION, DISTRIBUTION, ETC. (IMPRINT)
Place of publication, distribution, etc नई दिल्ली
Name of publisher, distributor, etc वाणी प्रकाशन
Date of publication, distribution, etc 2002
270 ## - ADDRESS
Address 21-ए, दरियागंज
City नई दिल्ली
Postal code 110002
300 ## - PHYSICAL DESCRIPTION
Extent 356पृ.
Dimensions 21सेमी (सजिल्द)
650 ## - SUBJECT ADDED ENTRY--TOPICAL TERM
Topical term or geographic name as entry element हिन्दी साहित्य
9 (RLIN) 65786
650 ## - SUBJECT ADDED ENTRY--TOPICAL TERM
Topical term or geographic name as entry element हिन्दी साहित्य -- उपन्यास
9 (RLIN) 46379
650 ## - SUBJECT ADDED ENTRY--TOPICAL TERM
Topical term or geographic name as entry element Hindi literature
9 (RLIN) 65787
650 ## - SUBJECT ADDED ENTRY--TOPICAL TERM
Topical term or geographic name as entry element Hindi literature -- Fiction
9 (RLIN) 65788
942 ## - ADDED ENTRY ELEMENTS (KOHA)
Source of classification or shelving scheme Dewey Decimal Classification
Koha item type Hindi Books
Classification part
Call number suffix मेहरु
Holdings
Withdrawn status Lost status Damaged status Not for loan Home library Current library Date acquired Source of acquisition Cost, normal purchase price Total Checkouts Full call number Barcode Date last seen Date checked out Copy number Cost, replacement price Price effective from Koha item type Source of classification or shelving scheme Collection code Total Renewals
        Central Library Central Library 24/08/2015 Cen Lib/Ret 350.00 2 उ मेहरु B-075187 02/07/2018 19/06/2018 1 350.00 24/08/2015 Hindi Books      
        Shahdara Branch Shahdara Branch 25/09/2018 BPPD/PUB 350.00 3 उ मेहरु B-075191 18/07/2022 17/06/2022   350.00 25/09/2018 Hindi Books Dewey Decimal Classification Fiction 3

© Delhi Public Library
Hit Counter
free hit counter